Score 0/24 Timer 06:00
2 Plays Today
% Correct
Pickled
93.8%
Electric
93.6%
Applied
93.4%
Greasy
93.3%
Reviewed
93.3%
Increased
93%
Spun
93%
Decorated
92%
Narrow
91.9%
Zesty
91.6%
Hung
91.2%
Upright
91.2%
% Correct
Organized
91.1%
Lifted
90.8%
Followed
90.8%
Keen
90.5%
Braided
90.2%
Cloudy
90.1%
Young
89.4%
Trimmed
89.3%
Warped
88.4%
Mounted
88.3%
Vivid
88%
Joint
83.1%
Remove Ads.
Support Sporcle.
Get the best of Sporcle when you Go Orange. This ad-free experience offers more features, more stats, and more fun while also helping to support Sporcle. Thank you for becoming a member.

You're not logged in!

Compare scores with friends on all Sporcle quizzes.
OR
Log In

Show Comments

Extras

Top Quizzes Today


Score Distribution

Your Account Isn't Verified!

In order to create a playlist on Sporcle, you need to verify the email address you used during registration. Go to your Sporcle Settings to finish the process.

Report this User

Report this user for behavior that violates our Community Guidelines.

Details: